000
00312 a2200157 4500
001
68067
020
_a
978312607192
040
_c
Anchieta - Pituba
100
_a
Fleer, Sarah
240
1
0
_a
Klasse! A1
_l
245
1
0
_a
Klasse! A1
300
_a
144
362
0
_a
2018
650
4
_a
Língua alemã
942
_c
BK
999
_c
68067
_d
68067